Wind Power : (Record no. 33809)

000 -LEADER
fixed length control field 02234cam a2200349 i 4500
001 - CONTROL NUMBER
control field 17946680
003 - CONTROL NUMBER IDENTIFIER
control field OSt
005 - DATE AND TIME OF LATEST TRANSACTION
control field 20210909151022.0
008 - FIXED-LENGTH DATA ELEMENTS--GENERAL INFORMATION
fixed length control field 131119s2014 njua b 001 0 eng
010 ## - LIBRARY OF CONGRESS CONTROL NUMBER
LC control number 2013046037
020 ## - INTERNATIONAL STANDARD BOOK NUMBER
International Standard Book Number 9781118720929 (hardback)
038 ## - RECORD CONTENT LICENSOR
Staff Name khadija
040 ## - CATALOGING SOURCE
Original cataloging agency DLC
Language of cataloging eng
Transcribing agency DLC
Description conventions rda
Modifying agency DLC
042 ## - AUTHENTICATION CODE
Authentication code pcc
050 00 - LIBRARY OF CONGRESS CALL NUMBER
Classification number TJ828
Item number .L53 2014
082 00 - DEWEY DECIMAL CLASSIFICATION NUMBER
Classification number 333.92
Edition number 23
Author Mark LYA
084 ## - OTHER CLASSIFICATION NUMBER
Classification number SCI024000
Number source bisacsh
100 1# - MAIN ENTRY--PERSONAL NAME
Personal name Li︠a︡tkher, V. M.
Fuller form of name (Viktor Mikhaĭlovich)
Relator term author.
9 (RLIN) 82361
245 10 - TITLE STATEMENT
Title Wind Power :
Remainder of title Turbine Design, Selection, and Optimization /
Statement of responsibility, etc. Victor Lyatkher.
300 ## - PHYSICAL DESCRIPTION
Extent vii, 311 pages :
Other physical details illustrations ;
Dimensions 25 cm
504 ## - BIBLIOGRAPHY, ETC. NOTE
Bibliography, etc. note Includes bibliographical references and indexes.
520 ## - SUMMARY, ETC.
Summary, etc. "Wind power is the most mature technology of the major sources of renewable energy that have been developed, and more efficient and cost-effective techologies and materials are constantly being sought for turbines and the equipment used on them. Here is a comprehensive and thorough review of the engineering pros and cons for using different kinds of wind turbines in different areas, including offshore. With a full technical knowledge, engineers, managers, and other decision-makers in the wind energy industry can make more informed decisions about increasing capacity, cost-efficiency, and longevity. Covering the various types of wind turbines available, such as new collinear windmills, orthogonal turbines, and others, this highly technical treatment of wind turbines offers engineers, students, and researchers insight into the practical applications of these turbines and their potential for maximum efficiency. "--
563 ## - BINDING INFORMATION
Binding note hardcover
650 #0 - SUBJECT ADDED ENTRY--TOPICAL TERM
Topical term or geographic name entry element Wind turbines.
9 (RLIN) 82362
650 #0 - SUBJECT ADDED ENTRY--TOPICAL TERM
Topical term or geographic name entry element Wind power.
9 (RLIN) 3446
650 #7 - SUBJECT ADDED ENTRY--TOPICAL TERM
Topical term or geographic name entry element SCIENCE / Energy.
Source of heading or term bisacsh
9 (RLIN) 3461
776 08 - ADDITIONAL PHYSICAL FORM ENTRY
Relationship information Online version:
Main entry heading Li︠a︡tkher, V. M. (Viktor Mikhaĭlovich) author.
Title Wind power
Place, publisher, and date of publication Hoboken, New Jersey : John Wiley & Sons, [2014]
International Standard Book Number 9781118721117
Record control number (DLC) 2013046558
856 42 - ELECTRONIC LOCATION AND ACCESS
Materials specified Cover image
Uniform Resource Identifier <a href="http://catalogimages.wiley.com/images/db/jimages/9781118720929.jpg">http://catalogimages.wiley.com/images/db/jimages/9781118720929.jpg</a>
906 ## - LOCAL DATA ELEMENT F, LDF (RLIN)
a 7
b cbc
c orignew
d 1
e ecip
f 20
g y-gencatlg
942 ## - ADDED ENTRY ELEMENTS (KOHA)
Source of classification or shelving scheme
Koha item type Book
Holdings
Withdrawn status Lost status Source of classification or shelving scheme Damaged status Not for loan Permanent Location Current Location Shelving location Date acquired Full call number Barcode Date last seen Price effective from Koha item type Public note
          School of Mechanical & Manufacturing Engineering (SMME) School of Mechanical & Manufacturing Engineering (SMME) General Stacks 05/17/2016 333.92 LYA SMME-3035 03/29/2018 05/17/2016 Book Rack,49-Shelf,3
© 2023 Central Library, National University of Sciences and Technology. All Rights Reserved.